[Event "25th Troya Open 2017"]
[Site "Canakkale"]
[Date "2017.08.11"]
[Round "8.1"]
[White "Sevgi, Volkan"]
[Black "Savchenko, Boris"]
[Result "0-1"]
[WhiteElo "2213"]
[BlackElo "2602"]
[Annotator "TA"]
[PlyCount "80"]
[EventCountry "TUR"]
[SourceTitle "playchess.com"]
[Source "ChessBase"]
[SourceQuality "1"]

{[%evp 9,80,33,39,33,25,0,75,74,95,89,102,29,22,20,28,0,5,15,18,2,0,7,22,0,11,0,0,0,0,0,0,0,8,3,17,0,18,22,20,-10,0,0,0,0,60,31,39,0,0,-30,-16,-30,-23,-38,-23,-253,-263,-237,-259,-414,-414,-410,-379,-398,-371,-891,-890,-868,-867,-804,-735,-717,-704]} 1. c4 e6 2. Nc3 b6 3. d4 Bb4 4. e4 Bb7 5. Bd3 f5 6. Qh5+ {A40: Unusual replies to 1 d4} ({Wrong is} 6. exf5 $2 Bxg2 7. Qh5+ Kf8 $19) 6... g6 7. Qe2 fxe4 (7... Nf6 $11) (7... Nf6 8. Bg5 fxe4 9. Bc2 h6 10. Bxf6 Qxf6 11. Bxe4 Nc6 12. Nf3 O-O-O 13. O-O Nxd4 14. Nxd4 Qxd4 15. Rad1 Qf6 16. Bxb7+ Kxb7 {0-1 (75) Dzagnidze,N (2570)-Hou,Y (2673) Beijing 2014}) 8. Bxe4 $16 {White is better.} Bxe4 9. Qxe4 Nc6 10. Nge2 $146 (10. Nf3 $16) ({Predecessor:} 10. Nf3 Nf6 11. Qd3 Qe7 12. O-O O-O-O 13. d5 e5 {1-0 (24) Scherer,M (2296)-Schlenker,J (2258) Karlsruhe 2003}) 10... Nf6 $11 11. Qh4 Nh5 12. Bg5 (12. Qg4 {looks sharper.} Qf6 13. Be3 O-O 14. O-O Qf5 15. Qxf5 exf5 16. Nd5) 12... Be7 $1 {[%cal Re7g5]} 13. Bxe7 Qxe7 14. Qxe7+ Nxe7 15. f3 Rf8 16. Rc1 d6 {[%cal Bd7d6,Bd6d5][%mdl 32]} 17. Ne4 Kd7 18. O-O d5 19. N4g3 Ng7 20. Rc3 Kd6 21. Rfc1 c6 22. Nh1 Nh5 23. Nf2 Nf4 24. Kf1 (24. c5+ {is more complex.} Kd7 25. Re1 Nxe2+ 26. Rxe2 Nf5 27. Rd3) 24... Nxe2 25. Kxe2 Rf4 26. c5+ bxc5 ({Black should play} 26... Kc7 $11) 27. dxc5+ $14 Kc7 28. Re3 Nf5 29. Re5 Ra4 30. a3 Rb8 $36 {[%mdl 2048] Black is more active.} 31. Nd3 Rb3 32. Kd2 $2 {[#]} (32. Rd1 $11 {and White has nothing to worry.}) 32... Rd4 $19 33. Rc3 Rxb2+ $1 34. Kc1 (34. Rc2 $142 Rxc2+ 35. Kxc2) 34... Rxg2 35. Rxe6 Rc4 36. Rxc4 dxc4 37. Nb4 $2 {[#]} (37. Nf4 Rxh2 38. Re4) 37... a5 {Black is clearly winning.} 38. Nxc6 c3 39. Kb1 Kd7 40. Rf6 Rg1+ {Precision: White = 35%, Black = 68%.} 0-1

[Event "25th Troya Open 2017"]
[Site "Canakkale"]
[Date "2017.08.11"]
[Round "8.2"]
[White "Rasulov, Vugar"]
[Black "Benidze, Davit"]
[Result "1/2-1/2"]
[WhiteElo "2509"]
[BlackElo "2476"]
[Annotator "TA"]
[PlyCount "36"]
[EventCountry "TUR"]
[SourceTitle "playchess.com"]
[Source "ChessBase"]
[SourceQuality "1"]

{[%evp 18,19,55,52]} 1. e4 c6 2. d4 d5 3. exd5 cxd5 4. Bd3 Nc6 5. c3 Nf6 6. Bf4 e6 7. Nf3 Bd6 8. Bxd6 Qxd6 9. O-O O-O 10. Nbd2 {LiveBook: 12 Games} {Find the theoretical novelty and annotate with similar games:} Bd7 $146 11. Re1 Rfb8 12. a4 Be8 13. Ne5 Ne7 14. Qe2 a5 15. g3 Ng6 16. h4 Nf8 17. Kg2 N6d7 18. h5 Nb6 {0-1 (33) Simacek,P (2477)-Schulz,K (2379) Kallithea 2008} 1/2-1/2

[Event "25th Troya Open 2017"]
[Site "Canakkale"]
[Date "2017.08.11"]
[Round "8.4"]
[White "Rahmanov, Shahriyar"]
[Black "Guseynov, Alihan"]
[Result "1/2-1/2"]
[WhiteElo "2327"]
[BlackElo "2399"]
[Annotator "TA"]
[PlyCount "32"]
[EventCountry "TUR"]
[SourceTitle "playchess.com"]
[Source "ChessBase"]
[SourceQuality "1"]

{[%evp 14,15,40,18]} 1. d4 g6 2. c4 Bg7 3. Nf3 d6 4. g3 Nf6 5. Bg2 O-O 6. Nc3 Nc6 7. O-O a6 8. a3 {LiveBook: 28 Games} {Predecessor:} Na5 $146 9. Nd2 Nd7 10. e3 c5 11. Ne2 Nc6 12. Nf3 e5 13. b3 e4 14. Nd2 f5 15. Bb2 Nf6 16. Qc2 Qe8 {½-½ (62) Murdzia,P (2471)-Jones,G (2641) Germany 2012} 1/2-1/2

[Event "25th Troya Open 2017"]
[Site "Canakkale"]
[Date "2017.08.11"]
[Round "8.5"]
[White "Alaz, Ahmet Efekan"]
[Black "Baltaci, Ismail Tarik"]
[Result "1/2-1/2"]
[WhiteElo "2048"]
[BlackElo "1946"]
[Annotator "NA"]
[PlyCount "160"]
[EventCountry "TUR"]
[SourceTitle "playchess.com"]
[Source "ChessBase"]
[SourceQuality "1"]
[TimeControl "5400+30"]

{[%evp 11,156,31,39,27,45,32767,32767,32767,32767,58,47,32767,55,32,33,32767,32767,32767,32767,32767,4,3,7,18,14,32767,32767,-53,0,32767,60,32767,32767,32767,32767,20,33,23,63,32767,32767,0,0,-14,39,15,110,140,118,32767,32767,32767,32767,32767,-76,-85,-62,-111,-104,-108,-95,-144,-54,-74,0,0,93,0,39,32767,32767,32767,0,32767,0,0,0,0,7,0,0,0,0,0,141,137,523,614,806,660,627,888,616,32767,32767,32767,32767,768,723,0,8,0,1067,0,0,32767,32767,32767,32767,0,0,0,0,32767,32767,32767,32767,32767,32767,0,32767,32767,32767,32767,32767,32767,32767,32767,0,0,81,100,87,78,87,0,32767,32767,32767,32767,32767,32767,32767,32767,0,0,0]} 1. e4 {[%emt 0:00:30]} c5 {[%emt 0:01:00]} 2. Nf3 {[%emt 0:00:30]} d6 {[%emt 0:00:30]} 3. Bd3 {[%emt 0:00:30]} g6 {[%emt 0:00:30]} 4. c3 {[%emt 0:00:30]} Bg7 {[%emt 0:00:30]} 5. Bc2 {[%emt 0:00:30]} Bg4 {[%emt 0:01:30]} 6. O-O {[%emt 0:00:00]} Nc6 {[%emt 0:00:30]} 7. d3 {[%emt 0:00:00]} Nf6 {[%emt 0:00:30]} 8. Nbd2 {[%emt 0:02:30]} O-O {[%emt 0:01:30]} 9. h3 {[%emt 0:00:30]} Bxf3 {[%emt 0:02:30]} 10. Nxf3 {[%emt 0:00:30] LiveBook: 17 Games} Nd7 {[%emt 0:10:30] B50: Sicilian: 2...d6, Miscellaneous} (10... Rc8 11. Re1 Qc7 12. a3 b5 13. Bd2 Nd7 14. Qe2 a6 15. Rad1 Rb8 16. Bb1 e6 17. Be3 Nb6 18. Ba2 {1-0 (75) Noritsyn,N (2468)-Fishbein,A (2481) chess.com INT 2017}) 11. Be3 {[%emt 0:07:30]} b5 {[%emt 0:05:30]} 12. Qd2 {[%emt 0:05:30]} b4 {[%emt 0:04:30]} 13. Ba4 $146 {[%emt 0:03:30]} ({Predecessor:} 13. Bh6 bxc3 14. bxc3 Qa5 15. Bxg7 Kxg7 16. Bb3 e6 17. Rfd1 Rad8 18. Rac1 {0-1 (61) Zinnai,G (2040)-Seletsky,G (2337) Napoli 2013}) 13... bxc3 {[%emt 0:02:30]} 14. bxc3 {[%emt 0:00:30]} Qc7 {[%emt 0:01:30]} 15. Bh6 {[%emt 0:03:30]} Rab8 {[%emt 0:07:30]} 16. Bxg7 {[%emt 0:03:30]} Kxg7 {[%emt 0:00:30]} 17. Nh2 {[%emt 0:01:30]} Rb6 {[%emt 0:19:00]} 18. f4 {[%emt 0:06:30]} Rfb8 {[%emt 0:09:30]} 19. f5 {[%emt 0:05:30]} (19. Ng4 $14) 19... Rb2 {[%emt 0:00:30]} 20. Qf4 {[%emt 0:01:30]} f6 {[%emt 0:10:30]} (20... Nf6 $11) 21. fxg6 {[%emt 0:16:30]} hxg6 {[%emt 0:00:30]} 22. Ng4 {[%emt 0:00:30]} Rh8 {[%emt 0:00:30]} 23. Ne3 {[%emt 0:15:30]} Nde5 {[%emt 0:01:30]} 24. Nd5 {[%emt 0:01:30]} Qd8 {[%emt 0:01:30]} 25. Qe3 {[%emt 0:02:30]} Qc8 {[%emt 0:07:43]} 26. Qg3 {[%emt 0:08:39]} Rh5 {[%emt 0:00:47]} 27. Rf2 {[%emt 0:06:38]} Rg5 {[%emt 0:04:40]} (27... Rxf2 $1 $11 28. Kxf2 Qb7) 28. Qe3 $1 {[%emt 0:02:20]} Qb7 {[%emt 0:01:26]} 29. Nf4 {[%emt 0:03:20]} Nd8 {[%emt 0:01:16]} 30. Bb3 {[%emt 0:01:43]} Rxf2 {[%emt 0:00:02]} 31. Qxf2 {[%emt 0:02:30]} c4 {[%emt 0:00:27]} 32. Bxc4 {[%emt 0:02:07]} Nxc4 {[%emt 0:00:26]} 33. dxc4 {[%emt 0:00:04]} Re5 {[%emt 0:00:11]} 34. Nd5 {[%emt 0:01:51]} Ne6 {[%emt 0:02:05]} 35. Re1 {[%emt 0:01:08]} Nc5 {[%emt 0:00:57]} 36. Qc2 {[%emt 0:00:41]} f5 {[%emt 0:01:25]} (36... Qa6 $17 37. Ne3 Qa4) 37. Rb1 {[%emt 0:00:16]} Qd7 {[%emt 0:00:48]} 38. exf5 {[%emt 0:00:10]} Rxf5 {[%emt 0:00:33]} (38... Qxf5 $11 {keeps the balance.} 39. Qd1 Qe4) 39. Rf1 {[%emt 0:01:35]} ({White should play} 39. Qd2 $16) 39... Qe6 {[%emt 0:01:39]} 40. Rxf5 {[%emt 0:00:23]} gxf5 {[%emt 0:00:30]} 41. Qd2 {[%emt 0:00:28]} Kf7 {[%emt 0:02:31]} 42. Qg5 {[%emt 0:00:45]} Qe1+ {[%emt 0:01:04]} 43. Kh2 {[%emt 0:00:02]} Qe5+ {[%emt 0:00:00]} 44. Qg3 {[%emt 0:00:53]} Qe4 {[%emt 0:01:45]} 45. Nf4 {[%emt 0:00:30]} Qe5 {[%emt 0:00:38]} 46. Qg6+ {[%emt 0:00:55]} Kf8 {[%emt 0:00:01]} 47. g3 {[%emt 0:00:00]} e6 {[%emt 0:01:15] [#]} (47... Qe4 $1 $11 {remains equal.}) 48. h4 $1 {[%emt 0:00:33]} Ke7 $2 {[%emt 0:00:18]} (48... Qxc3 $16 {is a better chance.} 49. Nxe6+ Nxe6) 49. h5 {[%emt 0:00:30]} Qxc3 {[%emt 0:00:20]} 50. Qh7+ {[%emt 0:00:35]} Kd8 {[%emt 0:00:26]} 51. h6 {[%emt 0:00:55]} Qd2+ {[%emt 0:00:03]} 52. Kh3 {[%emt 0:00:05]} Qd1 {[%emt 0:00:08]} 53. Qg8+ {[%emt 0:00:16]} Kc7 {[%emt 0:00:21]} 54. Qg7+ {[%emt 0:00:26]} Kc6 {[%emt 0:00:13]} 55. Kh2 $2 {[%emt 0:00:41]} (55. Kh4 $18) 55... Nd3 {[%emt 0:01:12]} 56. Nxd3 {[%emt 0:01:09]} (56. Qg6 $5 {[%cal Rg6e8]} Ne5 57. Qe8+ (57. Qxe6 Ng4+ 58. Kg2 Qc2+ 59. Ne2 Nxh6 $11) 57... Kb7 58. Qe7+ Kc6 59. Qe8+ (59. Qxa7 Ng4+ 60. Kg2 Qd2+ 61. Kf1 Nh2+ 62. Kg1 Nf3+ 63. Kf1 Nh2+ 64. Kg1 Nf3+ 65. Kf1 Nh2+ $11) 59... Kb7 60. Qxe6 Ng4+ 61. Kg2 Qd2+ 62. Qe2 Qxe2+ 63. Nxe2 Nxh6 $11 64. Nd4 $11) 56... Qe2+ $2 {[%emt 0:00:31]} (56... Qxd3 $11 57. Qb2 Qe3) 57. Kg1 $2 {[%emt 0:00:52]} (57. Kh3 $18 Qxd3 58. Kh4) 57... Qxd3 {[%emt 0:00:46]} 58. Qg5 {[%emt 0:00:34]} Qd1+ {[%emt 0:00:13]} 59. Kf2 {[%emt 0:00:28]} Qc2+ {[%emt 0:00:08]} 60. Ke1 {[%emt 0:00:28]} Qc3+ {[%emt 0:01:20]} 61. Kd1 {[%emt 0:00:29]} Qd3+ {[%emt 0:01:05]} 62. Qd2 {[%emt 0:00:35]} Qb1+ {[%emt 0:00:13]} 63. Ke2 {[%emt 0:00:18]} Qe4+ {[%emt 0:00:32]} 64. Kf2 {[%emt 0:00:16]} Qh1 {[%emt 0:00:35]} 65. Qe3 {[%emt 0:00:28]} (65. Qf4 $5 {[%cal Rf4f3]} Qh2+ 66. Ke1 $11) 65... Qh2+ {[%emt 0:00:12]} 66. Ke1 {[%emt 0:00:47]} Qh1+ {[%emt 0:00:30]} 67. Kd2 {[%emt 0:00:28]} e5 {[%emt 0:00:10]} 68. Ke2 {[%emt 0:00:49]} Qh2+ {[%emt 0:00:32]} 69. Kd3 {[%emt 0:00:44]} Qb2 {[%emt 0:00:50]} 70. Qd2 {[%emt 0:00:34]} Qd4+ {[%emt 0:00:31] [#]} (70... Qa3+ $11 71. Ke2 Qxg3) 71. Kc2 $1 {[%emt 0:00:27]} Qe4+ {[%emt 0:00:12]} (71... Qg4 $1 $11) 72. Kb2 {[%emt 0:00:32]} Qg4 {[%emt 2:02:49]} 73. Qd3 $11 {[%emt 2:06:17]} (73. h7 $16 Qh5 74. Qd5+ Kc7 75. c5 Qxh7 76. Qxd6+ (76. cxd6+ Kb6 $14) 76... Kc8 77. Qxe5) 73... Qh5 {[%emt 0:00:30]} 74. Qd5+ {[%emt 0:00:30]} Kc7 {[%emt 0:00:30]} 75. Qa5+ {[%emt 0:00:00]} Kb7 {[%emt 0:00:05]} 76. Qd5+ {[%emt 0:00:51]} Kc7 77. Qe6 {[%emt 0:00:17]} Qe2+ {[%emt 0:00:17]} 78. Kc3 {[%emt 0:00:28]} Qe3+ {[%emt 0:00:26]} 79. Kb2 {[%emt 0:00:31]} Qd2+ {[%emt 0:00:17]} 80. Kb3 {[%emt 0:00:10]} Qd3+ {[%emt 0:00:19]} 1/2-1/2

[Event "25th Troya Open 2017"]
[Site "Canakkale"]
[Date "2017.08.11"]
[Round "8.6"]
[White "Grigoriev, Armen"]
[Black "Maden, Mirac Kerem"]
[Result "1-0"]
[WhiteElo "2160"]
[BlackElo "2014"]
[Annotator "TA"]
[PlyCount "99"]
[EventCountry "TUR"]
[SourceTitle "playchess.com"]
[Source "ChessBase"]
[SourceQuality "1"]

{[%evp 16,99,-8,-22,0,0,4,-7,29,31,60,64,66,54,74,47,78,60,73,79,70,80,104,98,143,154,139,134,143,143,196,206,234,231,218,198,326,310,316,325,379,243,272,265,261,220,265,183,277,307,300,306,357,334,383,381,382,332,487,433,535,530,654,652,639,605,726,678,624,682,604,504,710,677,745,726,692,687,792,801,2039,1966,1860,1623,29986,29987]} 1. c4 e5 2. d3 Nf6 3. Nf3 Nc6 4. a3 g6 (4... a5 5. Nc3 g6 6. g3 Bg7 7. Bg2 O-O 8. O-O d6 9. Rb1 Re8 10. e4 Bg4 11. h3 Bxf3 12. Bxf3 Nd4 13. Bg2 Nd7 14. Be3 c6 15. h4 h5 16. Bh3 Kh7 17. Kh2 Qe7 18. Ne2 Ne6 {1-0 (38) Topalov,V (2749)-Bacrot,E (2708) Paris 2017}) 5. e3 Bg7 6. Be2 {A20: English Opening: 1...e5} O-O 7. Nc3 d5 8. cxd5 Nxd5 9. Bd2 {LiveBook: 13 Games} Nb6 $146 ({Predecessor:} 9... b6 10. O-O Bb7 11. Rc1 a5 {0-1 (73) Hovhannisyan,R (2613)-Vokhidov,S (2063) Tashkent 2014}) 10. b4 a6 11. Rc1 Bf5 12. Ne4 Bxe4 13. dxe4 Qe7 14. Qc2 Nc8 15. Bc4 {[%cal Be2c4,Bc4b3,Bb3d5][%mdl 32]} N6a7 16. O-O Nd6 17. Bb3 Rac8 18. Rfd1 b6 19. Qb1 c5 20. bxc5 bxc5 21. Bd5 Rb8 22. Qd3 Ndb5 (22... Nab5 $16 {keeps fighting.} 23. Ba5 (23. Rxc5 Nxe4 24. Rxb5 Nxd2 $16) 23... Rfc8) 23. Ba5 $18 Rfc8 24. a4 Nc7 25. Bxc7 Qxc7 (25... Rxc7 {is a better defense.} 26. Qxa6 Qf6) 26. Ng5 ({Don't play} 26. Qxa6 Rb6 $18) 26... Rf8 27. Qxa6 h6 28. Nf3 Rfd8 29. Qc4 (29. Qxg6 $2 Rxd5 30. Qg4 Rxd1+ 31. Rxd1 Nc6 $17) 29... Bf8 30. h4 Bd6 31. Nd2 Nc8 {[#]} (31... Nc6 $142 32. h5 g5) 32. a5 $1 {[%mdl 512]} Rb4 (32... Qxa5 33. Bxf7+) 33. Qa2 Na7 34. Nc4 Kg7 35. Qa1 f6 36. Qa2 Nb5 {[#]} (36... h5 $142 37. a6 Be7) 37. h5 $1 {[%mdl 512]} gxh5 38. Qe2 Qe7 39. Qxh5 Bc7 40. a6 Na7 41. g3 Qe8 42. Qf3 Ra4 43. Qe2 Nb5 44. Ra1 Nc3 45. Qg4+ Kh7 46. Rdc1 Nxd5 47. exd5 {[%cal Be4d5,Bd5d6][%mdl 32]} Ra8 48. Rxa4 Qxa4 49. d6 Bd8 50. Qe4+ {Precision: White = 57%, Black = 32%.} 1-0

[Event "25th Troya Open 2017"]
[Site "Canakkale"]
[Date "2017.08.11"]
[Round "8.7"]
[White "Yanik, Murat"]
[Black "Karaahmetoglu, Ege"]
[Result "0-1"]
[WhiteElo "1875"]
[BlackElo "2086"]
[Annotator "NA RC"]
[PlyCount "106"]
[EventCountry "TUR"]
[SourceTitle "playchess.com"]
[Source "ChessBase"]
[SourceQuality "1"]
[TimeControl "5400+30"]

{[%evp 19,97,-21,0,32767,32767,32767,0,32767,0,-2,32767,32767,32767,-88,-73,-100,-80,-85,-78,-103,-40,32767,32767,32767,-117,-117,-104,-89,772,32767,32767,32767,-127,-95,-112,-80,-117,-245,-82,-126,-30,-28,-28,-207,32767,32767,32767,32767,32767,-170,-157,-202,-116,-201,-239,-229,-118,-197,-234,32767,32767,32767,32767,-276,-310,-312,-351,-297,-267,32767,32767,32767,-833,32767,32767,32767,32767,32767,32767,-2842]} 1. e4 {[%emt 0:00:30]} e5 {[%emt 0:01:00]} 2. Nf3 {[%emt 0:00:30]} Nc6 {[%emt 0:00:30]} 3. Bc4 {[%emt 0:00:30]} Be7 {[%emt 0:00:30]} 4. c3 {[%emt 0:00:30]} Nf6 {[%emt 0:00:30]} 5. d3 {[%emt 0:00:30]} O-O {[%emt 0:00:00]} 6. Bb3 {[%emt 0:01:30]} h6 {[%emt 0:02:00] C55: Two Knights: 4 d3, 4 d4 exd4 5 e5 and Max Lange Attack} (6... d6 7. O-O Na5 8. Bc2 c5 9. d4 cxd4 10. cxd4 Nc6 11. d5 Nb4 12. Bb3 a5 13. a3 Na6 14. Bc2 Bd7 15. Bd2 a4 16. Re1 b5 {0-1 (48) Tiviakov,S (2639)-Nikolic,P (2601) Leiden 2015}) 7. h3 {[%emt 0:01:30]} d5 {[%emt 0:00:30]} 8. Qe2 {[%emt 0:03:30]} Re8 {[%emt 0:00:30]} 9. Nbd2 {[%emt 0:02:30]} Be6 {[%emt 0:04:30]} 10. Bc2 $146 {[%emt 0:01:30]} ({Predecessor:} 10. Ba4 Bd6 11. Nf1 Rb8 12. Bxc6 bxc6 {0-1 (38) Khmiadashvili,T (2177)-Chkhaidze,N (2115) Tbilisi 2002}) 10... Bf8 {[%emt 0:01:30]} 11. Nf1 {[%emt 0:01:30]} g6 {[%emt 0:03:30]} 12. Ng3 {[%emt 0:01:30]} Bg7 {[%emt 0:00:30]} 13. O-O {[%emt 0:02:30]} Nd7 {[%emt 0:06:30]} 14. Rd1 {[%emt 0:03:30]} Qe7 {[%emt 0:05:30]} 15. b4 {[%emt 0:09:30]} a6 {[%emt 0:01:30]} 16. a4 {[%emt 0:02:30]} (16. Bb3 $11 d4 17. Bxe6 Qxe6 18. Bb2) 16... d4 {[%emt 0:01:30]} 17. cxd4 {[%emt 0:16:30]} exd4 {[%emt 0:00:30]} 18. Bb2 {[%emt 0:01:30]} Qxb4 {[%emt 0:04:30]} 19. Rdb1 {[%emt 0:00:30] [#]} Qa5 {[%emt 0:04:30]} ({Better is} 19... b5 $1 $17 20. Bc1 Qc5) 20. Ba3 {[%emt 0:01:30]} b5 {[%emt 0:03:30]} 21. Bc1 {[%emt 0:07:30]} b4 {[%emt 0:01:30]} 22. Nd2 {[%emt 0:00:30]} Qc5 {[%emt 0:06:30]} 23. Nb3 {[%emt 0:00:30]} Bxb3 {[%emt 0:02:30]} (23... Na5 $2 {[%emt 0:01:30][%mdl 8192]}) (23... Qd6 $17 24. Qd1 Ne7) 24. Bxb3 {[%emt 0:00:30]} Na5 {[%emt 0:00:00]} 25. Bd1 {[%emt 0:03:30]} Qe7 {[%emt 0:02:00]} 26. f4 {[%emt 0:05:30]} c5 {[%emt 0:00:00]} 27. Bd2 {[%emt 0:00:30]} Rab8 {[%emt 0:02:00]} 28. Qf1 {[%emt 0:05:00] [#]} (28. Qe1 $17) 28... Rb6 $2 {[%emt 0:07:30]} (28... c4 $1 $19 {[%cal Rc4c3][%mdl 512]} 29. dxc4 {[#]} d3 $1 {[%mdl 512]}) 29. Bf3 {[%emt 0:02:30] [#]} f6 {[%emt 0:07:30]} ({Better is} 29... c4 $1 $17 {[%mdl 512]} 30. dxc4 {[#]} d3 $1 {[%mdl 512]}) 30. h4 {[%emt 0:00:30]} Kh8 {[%emt 0:01:30]} 31. Be2 $2 {[%emt 0:01:30]} (31. h5 $11 {and White has nothing to worry.} g5 32. Bg4) 31... Nb7 {[%emt 0:12:51]} 32. f5 {[%emt 0:07:11]} g5 {[%emt 0:00:14]} 33. hxg5 {[%emt 0:00:39]} fxg5 {[%emt 0:00:07]} 34. Re1 {[%emt 0:01:32]} (34. a5 $17 Rb5 35. Bd1) 34... Ne5 {[%emt 0:02:46]} 35. Nh5 {[%emt 0:01:58] [#]} (35. a5 $17 {is a better defense.} Rb5 36. Nh5) 35... Bf6 {[%emt 0:00:42]} (35... a5 $1 $19 36. Nxg7 Qxg7) 36. g4 {[%emt 0:02:59]} (36. Nxf6 $17 Qxf6 37. a5) 36... a5 {[%emt 0:00:49]} 37. Qh3 {[%emt 0:01:13]} Nd8 {[%emt 0:01:30]} ({Better is} 37... Kg8 $19 38. Bf1 Rd8 39. Nxf6+ Qxf6) 38. Kf2 {[%emt 0:00:54]} (38. Bc1 $17) 38... Ndf7 {[%emt 0:00:23]} 39. Rh1 {[%emt 0:00:06]} Rc8 {[%emt 0:03:44]} 40. Rhc1 {[%emt 0:04:00]} Rd6 {[%emt 0:00:30]} 41. Ra2 {[%emt 0:04:18]} Rdd8 {[%emt 0:02:41]} 42. Bd1 {[%emt 0:00:30]} c4 {[%emt 0:03:44]} 43. dxc4 {[%emt 0:00:06]} Rc5 {[%emt 0:00:27]} ({Weaker is} 43... Rxc4 44. Bb3 $19) 44. Be2 {[%emt 0:00:37]} d3 {[%emt 0:00:44]} 45. Bf1 {[%emt 0:01:17]} Rxc4 {[%emt 0:00:23]} 46. Rxc4 {[%emt 0:00:57]} Nxc4 {[%emt 0:00:30]} 47. Bxd3 {[%emt 0:00:17]} b3 {[%emt 0:00:40]} 48. Bxg5 {[%emt 0:03:15]} Bxg5 {[%emt 0:00:31]} 49. Re2 $19 {[%emt 0:00:18]} Nce5 {[%emt 0:00:21]} 50. Bb5 {[%emt 0:00:15]} Qc5+ {[%emt 0:01:07]} 51. Kg2 {[%emt 0:00:12]} Qc2 {[%emt 0:01:23]} 52. Ng3 {[%emt 0:01:13]} Rd2 {[%emt 0:00:21]} 53. f6 {[%emt 0:00:42]} Rxe2+ {[%emt 0:00:10]} 0-1

[Event "25th Troya Open 2017"]
[Site "Canakkale"]
[Date "2017.08.11"]
[Round "8.8"]
[White "Inan, Canberk"]
[Black "Tarlabasi, Emirhan"]
[Result "0-1"]
[WhiteElo "1777"]
[BlackElo "2036"]
[Annotator "NA RC"]
[PlyCount "62"]
[EventCountry "TUR"]
[SourceTitle "playchess.com"]
[Source "ChessBase"]
[SourceQuality "1"]
[TimeControl "5400+30"]

{[%evp 8,52,6,32767,32767,32767,32767,32767,32767,18,32767,32767,32767,30,34,12,92,26,32767,13,32767,-76,-53,-71,-57,-87,-75,32767,32767,32767,-98,-293,-280,-252,-147,-143,-131,-220,-183,-179,-190,-197,-200,-189,-207,-197,-212]} 1. e4 {[%emt 0:00:30]} e6 {[%emt 0:01:00]} 2. d4 {[%emt 0:00:30]} d5 {[%emt 0:00:30]} 3. Bd3 {[%emt 0:00:30]} c5 {[%emt 0:03:30]} 4. c3 {[%emt 0:00:00]} Nc6 {[%emt 0:01:30]} 5. Nf3 {[%emt 0:00:00]} Nf6 {[%emt 0:03:30]} 6. e5 {[%emt 0:00:30]} Nd7 {[%emt 0:00:30]} 7. O-O {[%emt 0:00:30]} Be7 {[%emt 0:06:30]} 8. a3 {[%emt 0:02:30]} b6 {[%emt 0:04:30] C02: French: Advance Variation} (8... a5 9. a4 O-O 10. Na3 cxd4 11. cxd4 Nb4 12. Bb1 b6 13. Nb5 Ba6 14. Re1 Re8 15. Ra3 Nf8 16. Rc3 {1-0 (69) Idani,P (2576)-Mosadeghpour,M (2444) Teheran 2017}) 9. b4 {[%emt 0:03:30]} h6 {[%emt 0:03:30]} 10. Be3 $146 {[%emt 0:05:30]} ({Predecessor:} 10. h3 Qc7 11. Be3 Bb7 12. Nbd2 O-O 13. Rc1 f6 14. exf6 Rxf6 {½-½ (59) Guerin,F (2130)-Cozette,M (1981) Paris 2010}) 10... c4 {[%emt 0:01:30]} 11. Bc2 {[%emt 0:00:30]} Qc7 {[%emt 0:01:30] [#]} (11... b5 $14) 12. Nfd2 {[%emt 0:05:30]} ({White should try} 12. a4 $1 $16) 12... g6 {[%emt 0:09:30]} 13. f4 {[%emt 0:10:30]} (13. a4 $16) 13... h5 {[%emt 0:02:30]} 14. Nxc4 $2 {[%emt 0:10:30]} (14. a4 $16 {keeps the pressure on.}) 14... dxc4 {[%emt 0:01:30]} 15. d5 {[%emt 0:00:00]} exd5 {[%emt 0:01:30]} 16. Qxd5 {[%emt 0:00:00]} Ndxe5 {[%emt 0:06:30]} 17. fxe5 {[%emt 0:00:30]} Be6 {[%emt 0:00:30]} 18. Qf3 {[%emt 0:07:30]} O-O-O {[%emt 0:11:30]} 19. b5 $2 {[%emt 0:08:30]} (19. Ba4 $17 Nxe5 20. Qa8+ Qb8 21. Qxb8+ Kxb8 22. Bf4) 19... Nxe5 {[%emt 0:02:30]} 20. Qa8+ {[%emt 0:00:30] [#]} Qb8 {[%emt 0:00:30]} (20... Kd7 $1 $19 21. Qe4 f5 22. Rd1+ Ke8 23. Rxd8+ Bxd8) 21. Qxb8+ {[%emt 0:05:30]} Kxb8 {[%emt 0:00:30]} 22. Bf4 {[%emt 0:00:30]} (22. Nd2 $17) 22... Bc5+ {[%emt 0:02:30]} 23. Kh1 {[%emt 0:00:00] [#]} Bd6 $1 {[%emt 0:00:30]} 24. Bg5 {[%emt 0:02:00]} Rd7 {[%emt 0:02:30]} 25. Nd2 {[%emt 0:00:30]} Nd3 {[%emt 0:06:30]} 26. Bf6 {[%emt 0:04:30]} Re8 $19 {[%emt 0:02:30]} 27. Rad1 {[%emt 0:02:30]} Bc5 {[%emt 0:07:32]} 28. Ne4 {[%emt 0:00:30]} Bg4 {[%emt 0:02:07]} 29. Nxc5 {[%emt 0:01:30]} bxc5 {[%emt 0:00:20]} 30. Rb1 {[%emt 0:00:30]} Be2 {[%emt 0:00:47]} 31. Bxd3 {[%emt 0:00:30]} cxd3 {[%emt 0:00:11]} 0-1